ՀՀ Գիտությունների ազգային ակադեմիայի հիմնարար գիտական գրադարան  =   Fundamental Scientific Library of NAS RA

Մովսէս Խորենացու Հայկական պատմութիւն / (Record no. 533612)

MARC details
000 -LEADER
fixed length control field 01545nam a2200301 a 4500
003 - CONTROL NUMBER IDENTIFIER
control field AM-YeHGA
005 - DATE AND TIME OF LATEST TRANSACTION
control field 20250618080208.0
008 - FIXED-LENGTH DATA ELEMENTS--GENERAL INFORMATION
fixed length control field 250310s1890 ru ||||r|||||00||0|arm|d
040 ## - CATALOGING SOURCE
Original cataloging agency AM-YeHGA
041 0# - LANGUAGE CODE
Language code of text/sound track or separate title arm
001 - CONTROL NUMBER
control field 2010174
090 ## - LOCALLY ASSIGNED LC-TYPE CALL NUMBER (OCLC); LOCAL CALL NUMBER (RLIN)
-- 573016
100 1# - MAIN ENTRY--PERSONAL NAME
Personal name Խալաթյան, Գրիգոր Աբրահամի,
Dates associated with a name 1858-1912
245 10 - TITLE STATEMENT
Title Մովսէս Խորենացու Հայկական պատմութիւն /
Remainder of title Քննադատութիւն /
Statement of responsibility, etc. Գր. Խալաթեան ; Աշխարհաբար թարգմ․ և լուսաբանեց Խորէն ծ.վ. Ստեփանէ.
260 ## - PUBLICATION, DISTRIBUTION, ETC.
Place of publication, distribution, etc. Ս. Պետերբուրգ :
Name of publisher, distributor, etc. Ի. Ն. Սկորոխոդովի տպարան,
Date of publication, distribution, etc. 1890.
300 ## - PHYSICAL DESCRIPTION
Extent (2 գիրք մեկ կազմի մեջ) ; 39 էջ
500 ## - GENERAL NOTE
General note Շարվածքը՝ 18x11 սմ։
500 ## - GENERAL NOTE
General note Արտատպուած «Արաքս» պատկերազարդ հանդիսից։
500 ## - GENERAL NOTE
General note Հեղ․ ցույց է տրված տեքստի վերջում։
501 ## - WITH NOTE
With note Մեկ կազմի մեջ՝ Եղիշէի Վարդանանց պատմութիւնը / Գրիգոր Խալաթեան։ Թիֆլիս: Տպարան Մ.Դ. Ռօտինեանցի։ 1892․
504 ## - BIBLIOGRAPHY, ETC. NOTE
Bibliography, etc. note Տողատակին՝ մատենագիտական ծանոթագրություններ։
600 07 - SUBJECT ADDED ENTRY--PERSONAL NAME
Personal name Մովսես Խորենացի,
Dates associated with a name մոտ 410-490
Source of heading or term
650 14 - SUBJECT ADDED ENTRY--TOPICAL TERM
Topical term or geographic name entry element Գրականագիտություն
651 04 - SUBJECT ADDED ENTRY--GEOGRAPHIC NAME
Geographic name Սանկտ Պետերբուրգ
9 (RLIN) 8369
651 04 - SUBJECT ADDED ENTRY--GEOGRAPHIC NAME
Geographic name Ռուսաստան
740 02 - ADDED ENTRY--UNCONTROLLED RELATED/ANALYTICAL TITLE
Uncontrolled related/analytical title Եղիշէի Վարդանանց պատմութիւնը
942 ## - ADDED ENTRY ELEMENTS (KOHA)
Source of classification or shelving scheme Universal Decimal Classification
Koha item type Գրքեր / Books
Holdings
Withdrawn status Lost status Source of classification or shelving scheme Damaged status Not for loan Collection Home library Current library Date acquired Serial enumeration / chronology Total checkouts Full call number Barcode Date last seen Price effective from Koha item type Public note
    Universal Decimal Classification     Kusikian Individual Collection Fundamental Scientific Library Fundamental Scientific Library 10/03/2025 Ալիգ 1   Կուս/1406 FL0654356 10/03/2025 10/03/2025 Գրքեր / Books ILL Non-Circ.


ՀՀ ԳԱԱ հիմնարար գիտական գրադարան
ՀՀ,Երևան 0019
Մարշալ Բաղրամյան 24/6
հեռախոս:(374-10) 52-47-50
Հետադարձ կապ

All site content, except where otherwise noted, is licensed under a
Creative Commons License